Music Quiz

Random Music Quiz

Operas by Puccini Quiz Stats

 Plays Quiz not verified by Sporcle

Challenge
Share
Tweet
Embed
Score 0/10 Timer 05:00
0 Plays Today
% Correct
La bohème
94.9%
Tosca
91.6%
Madama Butterfly
88.8%
Turandot
88.2%
Il trittico
73.5%
Manon Lescaut
66.7%
La fanciulla del West
59.6%
Edgar
52.4%
La rondine
51.4%
Le Villi
46.5%

You're not logged in!

Compare scores with friends on all Sporcle quizzes.
OR
Log In

You Might Also Like...

Show Comments

Extras

Created Oct 10, 2009SourceReportNominate
Tags:opera, puccini, written

Top Quizzes Today


Score Distribution

Your Account Isn't Verified!

In order to create a playlist on Sporcle, you need to verify the email address you used during registration. Go to your Sporcle Settings to finish the process.

Report this User

Report this user for behavior that violates our Community Guidelines.

Details: